5HLuxD.jpg

KING HENRY VIII SENIOR AND PRIMARY SCHOOL LIBRARY OPAC

GUTS (Record no. 5243)

000 -LEADER
fixed length control field 00271nam a22001217a 4500
008 - FIXED-LENGTH DATA ELEMENTS--GENERAL INFORMATION
fixed length control field 250828b ||||| |||| 00| 0 eng d
020 ## - INTERNATIONAL STANDARD BOOK NUMBER
International Standard Book Number 9789813482012
082 ## - DEWEY DECIMAL CLASSIFICATION NUMBER
Classification number 741.5 STE
100 ## - MAIN ENTRY--PERSONAL NAME
Relator term TELGEMEIR,RAINA
Language of a work ENGLISH
245 ## - TITLE STATEMENT
Title GUTS
260 ## - PUBLICATION, DISTRIBUTION, ETC.
Name of publisher, distributor, etc. SCHOLASTIC
942 ## - ADDED ENTRY ELEMENTS (KOHA)
Source of classification or shelving scheme
Holdings
Withdrawn status Lost status Source of classification or shelving scheme Damaged status Not for loan Collection code Permanent Location Current Location Shelving location Date acquired Source of acquisition Total Checkouts Full call number Barcode Date last seen Date last checked out Price effective from Koha item type Public note
          Non-Fiction KH8 Primary School Library KH8 Primary School Library Non Fiction 2025-08-28 SOF 11 741.5 STE KHPL000007683 2026-04-16 2026-04-09 2025-08-28 Books - Non Ficton PRIMARY LIBRARY

Powered By KH8 IT Dept